| Tag |
First Indicator |
Second Indicator |
Subfields |
| LEADER |
00000pam a22000004a 4500 |
| 001 |
in00001797621 |
| 005 |
20151025112713.0 |
| 008 |
030312s2003 ohua 000 0 eng |
| 010 |
|
|
|a 2003047770
|
| 020 |
|
|
|a 158180444X
|
| 035 |
|
|
|a (OCoLC)ocm51900357
|
| 040 |
|
|
|a DLC
|c DLC
|d YDX
|d TXA
|d UtOrBLW
|
| 042 |
|
|
|a pcc
|
| 043 |
|
|
|a n-us---
|
| 049 |
|
|
|a TXAM
|
| 050 |
0 |
0 |
|a NC998.5.A1
|b W37 2003
|
| 082 |
0 |
0 |
|a 741.6/0973/0904
|2 21
|
| 100 |
1 |
|
|a Warmke, Clare.
|
| 245 |
1 |
0 |
|a Colossal design /
|c by Clare Warmke ; designed by Lisa Buchanan.
|
| 250 |
|
|
|a 1st ed.
|
| 264 |
|
1 |
|a Cincinnati, Ohio :
|b How Design Books,
|c [2003]
|
| 264 |
|
4 |
|c ©2003
|
| 300 |
|
|
|a 368 pages :
|b chiefly illustrations (chiefly color) ;
|c 29 cm.
|
| 336 |
|
|
|a text
|b txt
|2 rdacontent
|
| 337 |
|
|
|a unmediated
|b n
|2 rdamedia
|
| 338 |
|
|
|a volume
|b nc
|2 rdacarrier
|
| 650 |
|
0 |
|a Commercial art
|z United States
|x History
|y 20th century.
|
| 650 |
|
0 |
|a Graphic arts
|z United States
|x History
|y 20th century.
|
| 948 |
|
|
|a cataloged
|b h
|c 2003/10/22
|d c
|e jgreene
|f 2:44:05 pm
|
| 994 |
|
|
|a E0
|b TXA
|
| 999 |
|
|
|a MARS
|
| 999 |
f |
f |
|s e0b8e109-5ba8-3da5-8d2d-a4be6330633d
|i 1ece1070-14d5-3b5d-a6a0-a75d5041c041
|t 0
|
| 952 |
f |
f |
|p normal
|a Texas A&M University
|b College Station
|c Sterling C. Evans Library
|d Evans: Library Stacks
|t 0
|e NC998.5.A1 W37 2003
|h Library of Congress classification
|i unmediated -- volume
|m A14830752309
|
| 998 |
f |
f |
|a NC998.5.A1 W37 2003
|t 0
|l Evans: Library Stacks
|